Normal view
MARC view
Entry Personal Name
001 - CONTROL NUMBER
- control field: 51172
003 - CONTROL NUMBER IDENTIFIER
- control field: ARRUPE
005 - DATE AND TIME OF LATEST TRANSACTION
- control field: 20220405085358.0
008 - FIXED-LENGTH DATA ELEMENTS
- fixed length control field: 220405|| aca||aabn | a|a d
040 ## - CATALOGING SOURCE
- Original cataloging agency: ARRUPE
- Transcribing agency: ARRUPE
100 ## - HEADING--PERSONAL NAME
- Personal name: Calder, Nigel,
- Dates associated with a name: 1931-2014
670 ## - SOURCE DATA FOUND
- Source citation: Work cat.: (ARRUPE)131233: Calder, Nigel, 1931-2014., Magic universe :, 2003.